| 000 | 00566nam a2200229Ia 4500 | ||
|---|---|---|---|
| 003 | OSt | ||
| 005 | 20221005120453.0 | ||
| 006 | a|||||r|||| 00| 0 | ||
| 007 | ta | ||
| 008 | 221004b |||||||| |||| 00| 0 eng d | ||
| 024 | _a59317 | ||
| 037 | _cTextual | ||
| 040 |
_aCRL _cCRL _beng |
||
| 041 |
_2eng _aeng |
||
| 082 | _aV2:25xM69:9, J3 | ||
| 100 | _aPatel M S | ||
| 245 | 0 | _aEducational philosophy of Mahatma Gandhi | |
| 260 | _c1953 | ||
| 650 | _aHISTORY | ||
| 942 |
_hV2:25xM69:9, J3 _cTEXL _2cc |
||
| 999 |
_c1038157 _d1038157 |
||